Le 9 novembre (Record no. 85960)

MARC details
000 -LEADER
campo de control de longitud fija 00567nam a2200181 i 4500
001 - NÚMERO DE CONTROL
campo de control 85960
003 - IDENTIFICADOR DE NÚMERO DE CONTROL
campo de control ES-MaACL
005 - FECHA Y HORA DE LA ÚLTIMA TRANSACCIÓN
campo de control 20230906175339.0
007 - CAMPO FIJO DE DESCRIPCIÓN FÍSICA--INFORMACIÓN GENERAL
campo de control de longitud fija t|
008 - DATOS DE LONGITUD FIJA--INFORMACIÓN GENERAL
campo de control de longitud fija 041203s1923 gw ||||1| ger d
100 1# - ENTRADA PRINCIPAL--NOMBRE DE PERSONA
Nombre de persona Kellermann, Bernhard.
9 (RLIN) 67775
245 13 - MENCIÓN DEL TÍTULO
Título Le 9 novembre
Resto del título : roman /
Mención de responsabilidad, etc. Bernhard Kellermann ; traduit de l'allemand par Victor Cyril et Werner Klette.
260 ## - PUBLICACIÓN, DISTRIBUCIÓN, ETC.
Lugar de publicación, distribución, etc. [S.l. :
Nombre del editor, distribuidor, etc. s.n.,
Fecha de publicación, distribución, etc. 1923] (
Lugar de fabricación/manufactura Lagny :
Fabricante E. Grevin)
300 ## - DESCRIPCIÓN FÍSICA
Extensión 284 p. ;
Dimensiones 19 cm.
700 1# - ENTRADA AGREGADA--NOMBRE PERSONAL
Nombre de persona Cyril, Victor.
9 (RLIN) 42322
700 1# - ENTRADA AGREGADA--NOMBRE PERSONAL
Nombre de persona Klette, Werner.
9 (RLIN) 68252
852 ## - LOCALIZACIÓN
Ubicación ES-MaACL
Número de control de estantería F-2354
Holdings
Estatus retirado Estado de pérdida Estado de daño No para préstamo Biblioteca de origen Biblioteca actual Ubicación en estantería Fecha de adquisición Fuente de adquisición Total de préstamos Signatura topográfica completa Código de barras Visto por última vez Precio de reemplazo Tipo de ítem Koha
        Biblioteca del Ateneo de Madrid Biblioteca del Ateneo de Madrid Depósito 2 17/01/2008     F-2354 1089826 23/02/2023 23/02/2023 Libro impreso